A Tibetan diminutive suffix

Elmentve itt :
Bibliográfiai részletek
Szerző: Uray Géza
Dokumentumtípus: Cikk
Megjelent: 1952
Sorozat:Acta Orientalia Academiae Scientiarum Hungaricae;Acta Orientalia Academiae Scientiarum Hungaricae : a Magyar Tudományos Akadémia orientalisztikai közleményei
Kulcsszavak:Tibeti nyelv - alaktan
Tárgyszavak:
Online Access:http://misc.bibl.u-szeged.hu/65794
LEADER 00910nab a2200253 i 4500
001 misc65794
005 20230512152158.0
008 230327s1952 hu o 0|| eng d
040 |a SZTE Miscellanea Repozitórium  |b hun 
041 |a eng 
041 |a rus 
041 |a tib 
100 1 |a Uray Géza 
245 1 2 |a A Tibetan diminutive suffix  |h [elektronikus dokumentum] /  |c  Uray Géza 
260 |c 1952 
300 |a 183-220  |c 25 cm 
300 |a [38] p.  |c 25 cm 
490 0 |a Acta Orientalia Academiae Scientiarum Hungaricae;Acta Orientalia Academiae Scientiarum Hungaricae : a Magyar Tudományos Akadémia orientalisztikai közleményei 
561 |a Németh Gyula hagyaték 
591 |a NOT 6244; LOT 4074; ROT 776 
650 4 |a Bölcsészettudományok 
650 4 |a Nyelvek és irodalom 
695 |a Tibeti nyelv - alaktan 
856 4 0 |u http://misc.bibl.u-szeged.hu/65794/1/6244_not.pdf  |z Dokumentum-elérés